[Event "8th Altibox Norway Chess 2020"]
[Site "Stavanger"]
[Date "2020.10.13"]
[Round "8"]
[White "Caruana, Fabiano"]
[Black "Firouzja, Alireza"]
[Result "1-0"]
[WhiteElo "2828"]
[BlackElo "2728"]
[Annotator "TA"]
[PlyCount "97"]
[EventDate "2020.10.05"]
[EventType "tourn"]
[EventCountry "NOR"]
[SourceTitle "playchess.com"]
[Source "ChessBase"]
[SourceQuality "1"]

{[%evp 9,97,1,25,15,15,18,29,18,27,28,27,5,12,12,47,33,65,57,68,67,71,71,55,73,125,78,88,83,106,102,109,105,129,94,136,136,136,136,136,136,140,135,129,120,150,142,237,108,456,473,670,653,606,506,536,508,421,190,190,197,1183,1160,2306,2316,1497,1537,4290,1596,3846,3240,29983,29984,29986,29987,29987,29988,29988,29984,29980,6015,3400,870,3220,2990,29982,29983,29983,29984,29984,29983]} 1. e4 c6 2. d4 d5 3. f3 (3. exd5 cxd5 4. Bd3 Nc6 5. c3 Nf6 6. h3 g6 7. Nf3 Bf5 8. Be2 Bg7 9. O-O O-O 10. Re1 Nd7 11. Bf4 f6 12. Bh2 Nb6 13. a4 a6 14. Nbd2 e5 15. a5 Nc8 16. Nb3 {1-0 (47) Caruana,F (2835)-Firouzja,A (2728) chess.com INT 2020}) 3... g6 4. Nc3 Bg7 5. e5 c5 6. f4 {B15: Caro-Kann: 3 Nc3: 3...g6 and 3...dxe4 4 Nxe4 Nf6 5 Nxf6+ exf6.} cxd4 7. Qxd4 Be6 8. Nf3 {White has an edge.} Nc6 9. Bb5 Nh6 {[#]} 10. Bxc6+ $146 ({Predecessor:} 10. Qa4 Qb6 11. Nd4 O-O 12. Be3 Nxd4 13. Bxd4 Qc7 14. Bd3 Rfd8 {½-½ (13) Rosen,W (2194)-Herbrechtsmeier,C (2264) Berlin 2017}) 10... bxc6 11. Qc5 Bd7 12. Be3 e6 13. Na4 Nf5 14. Bf2 h5 15. Qc3 c5 16. Nxc5 O-O (16... Rc8 $142) 17. O-O Bb5 18. Rfe1 Qe7 19. a4 Bc6 20. b4 Rfc8 21. Qd2 Be8 22. c3 a5 23. h3 Bf8 24. Kh2 Qc7 25. g4 Ng7 26. Rg1 axb4 27. cxb4 d4 (27... Bxc5 $16 {was necessary.} 28. Bxc5 Bxa4) 28. Bxd4 ({Don't play} 28. Nxd4 $6 Bxc5 29. bxc5 hxg4) (28. Rgc1 $18) 28... Rd8 $2 {[%mdl 8192] Loses the game.} (28... Bxc5 $16 {is a better chance.} 29. Bxc5 Bxa4) 29. Ne4 $18 Bc6 (29... Be7 $142 30. b5 Qc4 31. Nf6+ Bxf6 32. exf6 hxg4) 30. Rac1 Qb7 31. Nf6+ Kh8 32. f5 {[%cal Rd2h6]} Ne8 {And now ...Nxf6 would win.} 33. fxg6 (33. gxh5 $142 Nxf6 34. exf6 Bxf3 35. hxg6) 33... Bxf3 34. gxh5 $40 {[%mdl 128] White is out for blood.} fxg6 $2 ({Inferior is} 34... Rxa4 35. g7+ $1 {[%mdl 512]} Bxg7 36. Qh6+ $1 {[%mdl 512]} Bxh6 37. Rg8#) (34... Nxf6 35. exf6 Kg8) 35. hxg6 Bg7 36. Qf4 {Threatening mate with Qh4+.} Rxd4 37. Qxd4 {Qh4+ would kill now.} Bh6 {[#]} 38. Qh4 $1 Qg7 39. Rcf1 Be2 40. Rf2 Bd3 41. Ng4 Bxg6 42. Nxh6 Qxe5+ 43. Rg3 Qh5 44. Qxh5 (44. Qd4+ $142 Kh7 {[#]} 45. Rf8 $1 {[%mdl 512]} Ng7 46. Rxa8 Qxh6 47. Qd8 Be8 48. Ra7 $1 {[%mdl 512]} Bg6 49. Rg4) 44... Bxh5 45. Rf8+ Kh7 46. Nf7 Bxf7 47. Rxf7+ {White mates.} Kh6 {[#]} 48. Rf8 $1 {[%cal Rf8h8]} Kh7 49. Rgg8 {Av CentiPawn Loss W=-81/B=-166. Weighted=-93/-153} 1-0

[Event "8th Altibox Norway Chess 2020"]
[Site "Stavanger"]
[Date "2020.10.13"]
[Round "8"]
[White "Aronian, Levon"]
[Black "Duda, Jan-Krzysztof"]
[Result "1/2-1/2"]
[WhiteElo "2767"]
[BlackElo "2757"]
[Annotator "TA"]
[PlyCount "59"]
[EventDate "2020.10.05"]
[EventType "tourn"]
[EventCountry "NOR"]
[SourceTitle "playchess.com"]
[Source "ChessBase"]
[SourceQuality "1"]

{[%evp 30,59,45,39,52,54,58,60,56,53,41,19,31,29,32,27,33,28,28,27,22,23,26,0,0,0,0,0,0,0,0,0]} 1. e4 c5 2. Nf3 g6 3. c4 Nc6 4. d4 cxd4 5. Nxd4 Nf6 6. Nc3 Nxd4 7. Qxd4 d6 8. Be3 Bg7 9. f3 O-O 10. Qd2 Be6 11. Rc1 Qa5 12. b3 Rfc8 13. Be2 a6 14. Na4 Qxd2+ 15. Kxd2 Nd7 16. g4 Rcb8 {B36: Sicilian: Maroczy Bind: Gurgenidze System.} 17. Nc3 b5 18. Nd5 Bxd5 {White is slightly better.} 19. cxd5 Nc5 {[#]} 20. g5 $146 ({Predecessor:} 20. b4 Na4 21. Rc7 a5 22. Rb1 axb4 23. Rxb4 Nc5 24. Bxc5 dxc5 25. Rxc5 Rxa2+ 26. Ke3 {1-0 (52) Korpa,B (2433)-Pescatore,L (2279) Trieste 2015}) 20... Bb2 21. Rc2 Ba3 22. Rb1 {Black must now prevent b4.} a5 23. Kd1 Na6 24. Bf1 Nb4 25. Rd2 Rb7 26. f4 Na6 {The position is equal.} 27. Rc2 Nb4 28. Rd2 Na6 29. Rc2 Nb4 30. Rd2 {Av CentiPawn Loss W=-4/B=-1. Weighted=-4/-1} 1/2-1/2

[Event "8th Altibox Norway Chess 2020"]
[Site "Stavanger"]
[Date "2020.10.13"]
[Round "8"]
[White "Aronian, Levon"]
[Black "Duda, Jan-Krzysztof"]
[Result "0-1"]
[WhiteElo "2767"]
[BlackElo "2757"]
[Annotator "TA"]
[PlyCount "142"]
[EventDate "2020.10.05"]
[EventType "tourn"]
[EventCountry "NOR"]
[SourceTitle "playchess.com"]
[Source "ChessBase"]
[SourceQuality "1"]

{[%evp 14,142,46,31,55,47,39,41,65,17,27,20,30,20,17,0,12,0,31,0,12,0,0,0,9,14,8,-29,-25,-36,-9,-12,0,0,0,0,0,0,0,0,0,0,8,0,8,2,8,0,0,0,0,0,0,0,8,8,8,8,8,8,8,2,2,2,2,2,2,0,0,0,0,0,0,0,0,0,0,-5,0,0,0,0,0,0,0,0,0,0,0,0,0,0,0,0,0,0,0,0,0,0,0,0,0,0,0,0,0,0,0,-8,0,0,0,-8,0,-8,0,-1573,-1410,-29978,-29979,-29979,-29980,-29980,-29981,-29983,-29984,-29982,-29976,-29985,-29977]} 1. e4 e6 2. d4 d5 3. Nc3 dxe4 4. Nxe4 Bd7 5. Nf3 Bc6 6. Bd3 Nd7 7. O-O Ngf6 8. Ng3 g6 {seems to push 8...Be7 aside. C10: French with 3 Nc3: Unusual Black 3rd moves and 3...dxe4.} 9. b3 Bg7 10. Ba3 Bf8 {White is slightly better.} 11. Bxf8 (11. Bb2 {with more complications.} Bg7 12. c4 b6 13. Ba3 Bf8 14. Bxf8 Kxf8 15. Bc2) 11... Kxf8 {[#]} 12. Re1 $146 ({Predecessor:} 12. c4 Kg7 13. Qe2 Bxf3 14. Qxf3 c6 15. Rad1 Qa5 16. Qe2 Rhe8 17. Ne4 Nxe4 18. Bxe4 {½-½ (41) Nikitenko,M (2377)-Kabanov,N (2489) Kazan 2015}) 12... Bxf3 13. Qxf3 c6 14. c3 Kg7 15. Rad1 a5 16. Nf1 Qc7 17. Ne3 Rhe8 18. g4 Nd5 19. c4 Qf4 $132 {[%mdl 2048] Black is not holding back} 20. Qg3 (20. Be2 {feels hotter.} Qxf3 21. Bxf3 Nxe3 22. fxe3 f5 23. gxf5 exf5 24. e4) 20... Qxg3+ 21. hxg3 Nxe3 (21... Nc3 {is interesting.} 22. Rd2 c5 23. Bf1 cxd4 24. Rxd4 Nc5) 22. Rxe3 h6 23. Be2 Nf6 24. f4 Red8 25. Kf2 Rd6 26. Bf3 Rad8 27. Red3 b6 28. Ke3 c5 29. a3 Kf8 30. b4 axb4 31. axb4 cxd4+ 32. Rxd4 Rxd4 33. Rxd4 Ke7 34. Rxd8 Kxd8 $11 {[%mdl 4096] Endgame KB-KN} 35. Kd4 g5 36. Ke5 Ke7 37. f5 Nd7+ 38. Kd4 Kd6 39. fxe6 fxe6 40. Bd1 e5+ 41. Ke4 Ke6 42. Bc2 Nf6+ 43. Kf3 Kd6 44. Be4 Nd7 45. Bf5 Nf6 46. Ke3 Kc6 47. Kd3 Kd6 48. Ke3 Kc6 49. Be4+ Kd6 50. Bf3 Nd7 51. Ke4 Ke6 52. Kd3 Kd6 53. Bb7 Nf6 54. Bc8 Kc7 55. Bf5 Kd6 56. Kc3 Kc6 57. Kc2 h5 58. gxh5 Nxh5 59. g4 Nf6 60. Kb3 Kd6 61. Ka4 Kc6 (61... e4 $5 62. Kb3 $8 Ke5 $11) 62. Kb3 Kd6 63. Ka3 Kc6 64. Ka4 Kc7 65. Kb5 $2 {[%mdl 8192] [#]} (65. Kb3 $11) 65... e4 $19 66. Ka6 e3 {Black mates.} 67. Bd3 Nxg4 68. Be2 Ne5 69. c5 bxc5 70. b5 Nd7 71. Bg4 Nb6 {Av CentiPawn Loss W=-36/B=-6. Weighted=-43/-5} 0-1

[Event "8th Altibox Norway Chess 2020"]
[Site "Stavanger"]
[Date "2020.10.15"]
[Round "9"]
[White "Duda, Jan-Krzysztof"]
[Black "Caruana, Fabiano"]
[Result "0-1"]
[WhiteElo "2757"]
[BlackElo "2828"]
[Annotator "TA"]
[PlyCount "60"]
[EventDate "2020.10.05"]
[EventType "tourn"]
[EventCountry "NOR"]
[SourceTitle "playchess.com"]
[Source "ChessBase"]
[SourceQuality "1"]

{[%evp 9,60,-19,-14,-15,-21,-19,8,14,17,9,7,8,12,-6,0,13,23,0,0,-31,-10,-39,-27,-55,-44,-55,-49,-78,-75,-83,-13,-169,-112,-217,-192,-268,-266,-242,-247,-241,-228,-246,0,-432,-418,-573,-274,-750,-682,-29979,-6399,-29993,-29994]} 1. Nf3 d5 2. c4 d4 3. b4 c5 4. bxc5 Nc6 5. Ba3 e5 6. d3 $1 {[#] A09: Réti Opening: 1 Nf3 d5 2 c4.} Nf6 $146 ({Predecessor:} 6... Bxc5 7. Bxc5 Qa5+ 8. Nbd2 Qxc5 9. Rb1 f5 10. Rb5 Qe7 11. Qa4 Bd7 12. Rxb7 e4 13. Qxc6 Bxc6 14. Rxe7+ Nxe7 15. Nxd4 exd3 16. exd3 {0-1 (36) Storey,C (2228)-Ratnesan,R (2116) Newcastle 2019}) 7. g3 e4 8. dxe4 {The position is equal.} Nxe4 9. Bg2 Bxc5 10. Bxc5 Nxc5 11. O-O O-O 12. Nbd2 Re8 13. Re1 Bf5 14. Qc1 Qd6 15. Qa3 Rad8 $36 {[%mdl 2048] Black is more active.} 16. h3 h6 17. Nh4 Bh7 18. Rac1 b6 19. Bd5 Re7 (19... Qf6 $17 20. Nhf3 a5) 20. Ndf3 $2 (20. Rcd1 $1 $11) 20... Qf6 (20... g5 $19 21. Ng2 Be4 22. Bxe4 Rxe4) 21. Rcd1 (21. Ng2 $17 {is a better defense.}) 21... Be4 $19 22. Bxe4 (22. Ng2 $142) 22... Nxe4 ({Don't play} 22... Rxe4 23. Ng2 $17) 23. Ng2 g5 24. Rd3 Nc5 25. Rd2 Ne4 $2 ({Black should try} 25... h5 $19 {And now ...Ne4 would win.} 26. Rf1 Ne4) 26. Rc2 $2 {[%mdl 8192] [#]} (26. Rd3 $1 $11 {and White stays safe.}) 26... d3 $1 {[%mdl 512]} 27. Rb2 (27. exd3 Qxf3) 27... Nd4 (27... Ne5 $142 28. Rb3 d2) 28. Ne3 $2 (28. Nxd4 Qxf2+ {[%mdl 64] Double Attack} 29. Kh1) 28... dxe2 29. Ng4 Nxf3+ 30. Kh1 {[#]} Nxf2+ $1 {Av CentiPawn Loss W=-142/B=-75. Weighted=-151/-57} 0-1

[Event "8th Altibox Norway Chess 2020"]
[Site "Stavanger"]
[Date "2020.10.15"]
[Round "9"]
[White "Duda, Jan-Krzysztof"]
[Black "Caruana, Fabiano"]
[Result "1/2-1/2"]
[WhiteElo "2757"]
[BlackElo "2828"]
[Annotator "TA"]
[PlyCount "126"]
[EventDate "2020.10.05"]
[EventType "tourn"]
[EventCountry "NOR"]
[SourceTitle "playchess.com"]
[Source "ChessBase"]
[SourceQuality "1"]

{[%evp 15,126,21,27,25,13,18,25,0,0,0,8,8,27,6,6,0,0,0,0,0,4,0,0,0,8,0,0,0,0,0,0,0,4,0,4,5,0,0,0,0,0,0,0,0,0,0,0,0,0,0,0,0,13,0,13,0,0,-26,-36,0,0,0,0,0,0,0,0,0,0,0,0,0,0,0,0,0,0,0,0,0,0,0,0,0,0,0,0,0,0,0,0,0,0,0,0,0,0,0,0,0,0,0,0,0,0,0,0,0,0,0,0,0,0]} 1. e4 c5 2. Nf3 e6 3. d4 cxd4 4. Nxd4 Nc6 5. Nc3 Qc7 6. Be3 a6 7. Qd2 {7.Qf3 is the modern continuation.} Nf6 8. f3 b5 9. Nxc6 {B48: Sicilian: Taimanov: 5 Nc3 Qc7 6 Be3 a6 without Be2.} dxc6 10. Qf2 Be7 {[#]} 11. a4 $146 {[%cal Ra4b5] White has an edge.} ({Predecessor:} 11. O-O-O e5 12. g4 Be6 13. h4 O-O 14. Bh3 Ne8 15. Bb6 Qb7 16. g5 Bxh3 17. Rxh3 {1-0 (52) Sanchez,J (1923)-Dominguez Ortega,L ICCF email 2018}) 11... O-O 12. Be2 {[%cal Ra4b5]} Rb8 13. O-O e5 14. Rfd1 Be6 15. axb5 axb5 16. Ra7 Rb7 17. Ra6 Nd7 18. Bf1 Rc8 19. g3 Qd8 20. h4 Qf8 21. Kh2 h6 22. Rda1 Nc5 23. Ra7 Rcb8 24. Nd1 Rd8 {[#] aiming for ...Rxd1!} 25. Rxb7 Nxb7 26. Qe1 Nd6 27. Bc5 Nc4 28. Bxe7 Qxe7 29. Bxc4 bxc4 30. Ne3 Qc5 31. Kg2 Kh7 32. Qc3 Rd4 33. Kf2 Qb6 34. Ke2 c5 35. Ra8 Bd7 36. Qa3 ({Avoid the trap} 36. Nxc4 $2 {[#]} Rxc4 $1 {[%mdl 512]} 37. Qxc4 Bb5 $19) 36... Qg6 37. c3 Rxe4 {The position is equal.} 38. fxe4 Qxe4 39. Qxc5 ({Not} 39. Kf2 $2 Bc6 $19) 39... Qxa8 40. Qxc4 {Qd3+ is the strong threat.} Be6 41. Qd3+ Kg8 42. Qd6 Qa1 43. Qxe5 Qxb2+ 44. Kd3 Ba2 45. Qe8+ Kh7 46. Qe4+ g6 47. Qe5 h5 48. Kd4 Be6 49. Kc5 Qb7 50. c4 Qa7+ 51. Kb4 Qb6+ 52. Kc3 Qb1 {Strongly threatening ...Qa1+.} 53. Qf4 Qa1+ 54. Kb4 Qb2+ 55. Kc5 Qa3+ 56. Kd4 Qa7+ 57. Kd3 Qc5 58. Kc3 Qa3+ 59. Kd4 Qa7+ 60. Kd3 Qa5 61. Kd4 Qd2+ 62. Kc5 Qa5+ 63. Kd4 Qd2+ {Not much happened in this game. Av CentiPawn Loss W=-1/B=-1. Weighted=-1/-1} 1/2-1/2

[Event "8th Altibox Norway Chess 2020"]
[Site "Stavanger"]
[Date "2020.10.15"]
[Round "9"]
[White "Firouzja, Alireza"]
[Black "Carlsen, Magnus"]
[Result "0-1"]
[WhiteElo "2728"]
[BlackElo "2863"]
[Annotator "TA"]
[PlyCount "138"]
[EventDate "2020.10.05"]
[EventType "tourn"]
[EventCountry "NOR"]
[SourceTitle "playchess.com"]
[Source "ChessBase"]
[SourceQuality "1"]

{[%evp 9,138,8,4,0,20,26,33,28,23,17,18,16,17,21,18,10,17,20,28,25,27,0,0,0,0,0,0,0,0,0,0,0,0,0,-5,-3,0,-9,-13,-12,-16,-10,-11,-12,-9,-7,-2,0,-2,-6,0,-9,0,-18,0,-27,-31,-103,-119,-103,-111,-103,-101,-91,-52,-52,-52,-52,-52,-52,-52,-52,-52,-52,-52,-52,-52,-52,-52,-52,-52,-52,-52,-54,-58,-58,-48,-48,-48,-89,-50,-50,-27,-27,-27,-27,-27,-27,-8,-8,-8,-8,-8,-8,-8,-8,-8,-8,-8,-8,-8,-8,-8,-8,-8,-8,-8,-8,-8,-8,-8,-8,-8,-8,-8,-8,-8,-8,-8,-29980,-29981]} 1. Nf3 Nf6 2. g3 c5 3. Bg2 Nc6 4. O-O e5 5. e4 d6 6. c3 {A04: Unusual lines after 1 Nf3 and King's Indian Attack.} g6 7. d4 cxd4 8. cxd4 {White is slightly better.} Bg4 {[#]} 9. dxe5 $146 ({Predecessor:} 9. d5 Ne7 10. Nc3 Bg7 11. Qa4+ Nd7 12. Qa3 Bxf3 13. Bxf3 Nc5 14. Be3 b6 15. b4 {1-0 (43) Romanishin,O (2458)-Miroshnichenko,P (2287) Sitges 2017}) 9... dxe5 10. Nc3 Bg7 11. h3 Bxf3 12. Qxd8+ Rxd8 13. Bxf3 O-O 14. Kg2 Nd4 15. Bg5 (15. Rb1 {is interesting.} a6 16. Be3 Ne8 17. Rfd1 Nc7 18. Rbc1) 15... h6 16. Bxf6 Bxf6 17. Nd5 Rd6 18. Rac1 Bd8 19. Rfd1 Kg7 20. Ne3 Ra6 21. a3 h5 22. Nc4 Bf6 23. h4 Rc8 24. Ne3 Rac6 25. Rxc6 Rxc6 26. Rd3 Bd8 27. Bd1 Rc1 28. Bb3 b5 29. Rd1 Rc8 30. Ba2 a5 31. Rd3 a4 32. Kf1 Bb6 33. Rc3 {[#]} ({White should try} 33. Rd2 $15) 33... Rxc3 $1 $17 34. bxc3 {[%mdl 4096] Endgame [#] KBN-KBN} Nb3 $1 35. Ke1 Bc5 36. Nc2 Nc1 37. Bd5 Nd3+ {[%mdl 64] Double Attack} 38. Ke2 Nxf2 39. Bc6 $1 f6 40. Ne3 Nh1 41. Nf1 Bxa3 42. Bxb5 Bb2 $1 {Strongly threatening ...a3.} 43. Bxa4 Bxc3 44. Kf3 {White wants to play Kg2.} Bd4 45. g4 hxg4+ 46. Kxg4 Nf2+ 47. Kf3 Kh6 48. Ng3 Nd3 49. Be8 Nf4 50. Ne2 Ne6 51. Bf7 Nc5 52. Ng3 Bc3 53. h5 Be1 54. Bxg6 Bxg3 55. Kxg3 $11 {KB-KN} Kg5 56. Kf3 Nb3 57. Bf7 Nd4+ 58. Kg3 Ne2+ 59. Kf3 Nf4 60. Kg3 Nxh5+ 61. Bxh5 Kxh5 {KPP-KP} 62. Kh3 $1 Kh6 (62... Kg5 $5 63. Kg3 $8 Kh6 $11) 63. Kh4 Kg7 (63... Kg6 $5 64. Kg4 $8 Kh7 $11) 64. Kg3 Kf8 {aiming for ...Ke7.} 65. Kf2 Ke7 {( -> ...Kd6)} 66. Ke2 Ke8 67. Ke3 Kd7 {...Kc6 is the strong threat.} 68. Kd3 Kd6 {White must now prevent ...Kd7.} 69. Kc3 $2 {[%mdl 8192]} (69. Kd2 $11) 69... Kc5 {Av CentiPawn Loss W=-18/B=-2. Weighted=-20/-1} 0-1

[Event "8th Altibox Norway Chess 2020"]
[Site "Stavanger"]
[Date "2020.10.15"]
[Round "9"]
[White "Tari, Aryan"]
[Black "Aronian, Levon"]
[Result "0-1"]
[WhiteElo "2633"]
[BlackElo "2767"]
[Annotator "TA"]
[PlyCount "68"]
[EventDate "2020.10.05"]
[EventType "tourn"]
[EventCountry "NOR"]
[SourceTitle "playchess.com"]
[Source "ChessBase"]
[SourceQuality "1"]

{[%evp 14,68,0,-14,-1,-35,-14,-22,-26,-30,-27,-30,-30,-23,0,0,0,0,54,18,12,0,7,7,0,12,10,-18,-20,-168,-150,-166,-169,-167,-144,-185,-183,-237,-175,-231,-195,-447,-461,-450,-450,-586,-617,-618,-594,-641,-637,-832,-732,-730,-718,-1033,-1004]} 1. e4 e5 2. Nf3 Nc6 3. d4 exd4 4. Nxd4 Nf6 5. Nxc6 bxc6 6. e5 Qe7 7. Qe2 Nd5 8. h4 Qe6 {C45: Scotch Game.} 9. g3 Bc5 $5 {[%mdl 4] [#] Exploring less charted territory.} 10. c4 $146 ({Predecessor:} 10. Nd2 O-O 11. Bh3 Qe7 12. O-O f5 13. c4 Ba6 14. Nf3 f4 15. Kg2 fxg3 16. fxg3 {1-0 (25) Ibarra Jerez,J (2558)-Diaz Castro,I (2228) Seville 2019}) 10... Nb6 {The position is equal.} 11. Nd2 O-O 12. Bh3 Qe7 13. O-O Ba6 14. Re1 Rae8 15. Ne4 Bd4 ({Much worse is} 15... Qxe5 $6 {[#]} 16. Nxc5 $1 {[%mdl 512]} Qxe2 17. Rxe2 $16) (15... Bxc4 $11 16. Qc2 Bd4) 16. Nf6+ (16. Bg5 $5 {[%cal Rg5e7]} f6 17. exf6 $14) 16... gxf6 17. Qg4+ Kh8 18. Qxd4 {[#] Bh6 is the strong threat.} fxe5 19. Qc3 Bxc4 ({Not} 19... Nxc4 $2 20. Bf1 $18) 20. b3 Bd5 21. a4 {This costs White the game.} (21. Bh6 $11 Rg8 22. Bg5) 21... f6 22. a5 Nc8 23. Be3 Nd6 24. Bc5 Qf7 25. b4 (25. Qb2 $142) 25... Rg8 26. a6 (26. Kh2 $142) 26... Nb5 27. Qd2 $2 (27. Qd3) 27... d6 {Black is clearly winning.} 28. Be3 f5 29. Bg5 f4 30. Kh2 Qg7 31. gxf4 h6 32. Rg1 hxg5 33. Rxg5 Qh7 34. Rag1 Nd4 {Av CentiPawn Loss W=-51/B=-13. Weighted=-51/-18} 0-1

[Event "8th Altibox Norway Chess 2020"]
[Site "Stavanger"]
[Date "2020.10.15"]
[Round "9"]
[White "Tari, Aryan"]
[Black "Aronian, Levon"]
[Result "1/2-1/2"]
[WhiteElo "2633"]
[BlackElo "2767"]
[Annotator "TA"]
[PlyCount "99"]
[EventDate "2020.10.05"]
[EventType "tourn"]
[EventCountry "NOR"]
[SourceTitle "playchess.com"]
[Source "ChessBase"]
[SourceQuality "1"]

{[%evp 9,99,0,17,9,10,0,23,25,59,20,29,27,112,108,112,31,25,25,30,50,141,139,146,143,189,119,201,200,192,112,122,136,173,176,163,162,143,142,172,162,260,199,257,191,216,209,204,206,210,201,291,140,139,76,129,118,121,0,84,0,122,88,90,70,72,73,68,69,76,73,73,75,66,73,57,49,66,67,91,26,37,0,0,0,39,0,0,0,0,0,0,0]} 1. e4 c6 2. d4 d5 3. exd5 cxd5 4. Bd3 Nf6 5. h3 g6 6. Nf3 {B13: Caro-Kann: Exchange Variation and Panov-Botvinnik Attack.} Bf5 7. Be2 {[#]} Nbd7 $146 ({Predecessor:} 7... Bg7 8. O-O O-O 9. c3 Qc7 10. Be3 Nc6 11. Nbd2 Rad8 12. Re1 Rfe8 13. Rc1 h6 {1-0 (38) Antipov,M (2546)-Ivanchuk,V (2698) Caleta 2020}) 8. O-O {White has an edge.} e6 9. Bf4 Qb6 10. b3 g5 (10... Bg7 $11 {remains equal.}) 11. Bxg5 $16 (11. Nxg5 $6 Rg8 $11) 11... Ne4 12. Bh4 (12. Be3 $16) 12... Rg8 $14 13. Kh1 ({Much worse is} 13. g4 h5 $17) 13... e5 14. dxe5 Qg6 (14... Be7 $14 15. Qxd5 Bxh4 16. Nxh4 Nxf2+ 17. Kh2 Be6) 15. Rg1 $1 $16 Bc5 16. Qe1 $1 (16. Qxd5 Bxf2 17. Qxb7 Rb8 $17) 16... Rc8 17. Nbd2 (17. Bd3 $18) 17... Qb6 (17... Bb4 $16) 18. Nxe4 $18 dxe4 19. Nh2 (19. e6 $1 $18 {[%cal Re6d7]} Bxe6 20. Nd2) 19... Nxe5 $16 20. Rd1 Qh6 21. Bg3 Rxg3 22. fxg3 Bxg1 23. Qxg1 Qb6 24. Qf1 Bg6 (24... Qe6 $142) 25. Qf4 $18 f6 (25... Qc5 $142 26. h4 h5) 26. Ng4 Nxg4 27. Bxg4 Rd8 28. Rf1 Qd6 29. Qh6 ({Weaker is} 29. Qxf6 Qxf6 30. Rxf6 Ke7 $14) 29... Qe5 {[#]} (29... f5 {was necessary.}) 30. Qg7 (30. h4 $1 $18 {and the rest is easy.}) 30... Qe7 $16 31. Qg8+ ({Resist} 31. Qxf6 $6 Qxf6 32. Rxf6 Ke7 $14) 31... Qf8 {[#]} 32. Qc4 $1 Qe7 33. Qg8+ Qf8 34. Qc4 {Bf5 is the strong threat.} Qe7 $1 35. Bf5 Kf8 36. Qc3 {Hoping for Bxg6.} Kg7 {And now ...Bxf5 would win.} 37. Qe3 Rd5 38. g4 b5 39. Rf4 Re5 40. c4 bxc4 41. bxc4 a5 42. h4 Bxf5 43. gxf5 $14 {[%mdl 4096] Endgame KQR-KQR} h5 44. Rf1 (44. g4 $16) 44... Kh7 $11 45. Qe2 Qe8 46. Qe3 Qe7 47. Rf2 Qc5 {The position is equal.} 48. Qxc5 Rxc5 49. Rc2 {White wants to play Kg1.} e3 50. Kg1 {White really could win this. Av CentiPawn Loss W=-16/B=-23. Weighted=-17/-29} 1/2-1/2

[Event "8th Altibox Norway Chess 2020"]
[Site "Stavanger"]
[Date "2020.10.17"]
[Round "10"]
[White "Carlsen, Magnus"]
[Black "Aronian, Levon"]
[Result "0-1"]
[WhiteElo "2863"]
[BlackElo "2767"]
[Annotator "TA"]
[PlyCount "115"]
[EventDate "2020.10.05"]
[EventType "tourn"]
[EventCountry "NOR"]
[SourceTitle "playchess.com"]
[Source "ChessBase"]
[SourceQuality "1"]

{[%evp 19,115,-1,0,0,0,-12,2,0,22,17,33,0,6,0,0,0,0,0,0,-47,-43,-41,-53,-38,-39,-70,-68,-68,-60,-72,-57,-61,-66,-68,-61,-68,-33,-40,-31,-33,-35,-47,-16,-46,-35,-50,-43,-39,-21,-27,0,-46,0,-3,-4,-80,-81,-135,-118,-145,-106,-118,-33,-81,-70,-65,-36,-144,-141,-113,0,0,0,0,0,0,0,0,0,0,0,-12837,-12837,-12837,-12838,-12838,-12839,-12839,-12839,-12839,-12839,-12840,-12839,-12839,-12839,-12844,-12843,-12844]} 1. Nf3 d5 2. d4 Nf6 3. c4 e6 4. Nc3 Be7 5. cxd5 exd5 6. Bf4 c6 7. Qc2 g6 8. e3 Bf5 9. Bd3 Bxd3 10. Qxd3 Nbd7 11. h4 {[#] D35: Queen's Gambit Declined: Exchange Variation.} a5 $5 $146 {[%mdl 8] An interesting novelty.} ({Predecessor:} 11... Nb6 12. Ne5 Qc8 13. O-O-O Qe6 14. Kb1 Ne4 15. Qc2 Bb4 16. Nxe4 dxe4 17. h5 g5 18. Bxg5 f6 {½-½ (51) Carlsen,M (2863)-Nakamura,H (2736) chess24.com INT 2020}) 12. Kf1 a4 13. a3 {The position is equal.} Qb6 14. Qc2 h5 15. Bg5 O-O 16. Ne5 Rfe8 17. Bxf6 Nxf6 18. Rh3 Qb3 $36 {[%mdl 2048] Black is pushing.} 19. Qb1 {[#]} Ne4 $1 {[%mdl 512]} 20. Nxe4 dxe4 21. Qxe4 Bd6 22. Rg3 {Black must now prevent Rxg6+!} Bxe5 23. dxe5 Qb5+ 24. Kg1 Rxe5 25. Qd4 Rd5 26. Qf6 Rf5 27. Qd4 $1 Qe2 28. e4 Rb5 29. Rb1 Qc2 30. Qd3 Rc5 (30... Qxd3 {looks sharper.} 31. Rxd3 Kf8 32. f3 c5 33. Rc1 Ke7) 31. Qxc2 Rxc2 $11 {[%mdl 4096] Endgame KRR-KRR} 32. b3 b5 33. Rd3 axb3 34. Rbxb3 Ra4 35. Rdc3 Rc4 (35... Rxc3 {is more complex.} 36. Rxc3 Rxe4 37. Rxc6 Rxh4 38. Rb6 Ra4) 36. Rxc2 Rxc2 {KR-KR} 37. f3 (37. Rb4 $11 {keeps the balance.}) 37... Kf8 $1 $17 38. Kh2 (38. g3 $142) 38... Ke7 $1 39. Kh3 Ke6 40. Rd3 Rc4 ({Black should play} 40... Ke5 $1 $17) 41. Kg3 Ke5 42. Rd7 Rc3 43. Ra7 ({White should try} 43. Re7+ $15 Kd4 44. Rxf7) 43... f6 44. Ra8 {[#]} Kd6 ({Better is} 44... Rb3 $1 $17 45. Kf2 Kd4 46. Rd8+ Kc5) 45. Kf4 $11 Kc7 46. g4 $1 Kb7 47. Rg8 $1 {[%cal Rg8g6]} hxg4 48. fxg4 Rxa3 {Strongly threatening ...b4.} 49. Rxg6 b4 {[%cal Bb5b4,Bb4b3][%mdl 32] Hoping for ...b3.} 50. Rxf6 $2 {[%mdl 8192]} (50. Rg7+ $11 Kb6 51. h5) 50... b3 $19 {Black is clearly winning.} 51. Rf7+ Kb6 52. Rf8 {[#]} Ra7 $1 53. Rb8+ Rb7 54. Rd8 c5 55. Ke3 c4 56. Rd1 c3 57. Rb1 Kc5 58. Kd3 {Av CentiPawn Loss W=-32/B=-11. Weighted=-29/-11} 0-1